[Event "37. Copenhagen Open (Politiken Cup)"]
[Site "Elsinore"]
[Date "2015.07.28"]
[Round "5"]
[White "Formanek, Edward W"]
[Black "Carstensen, Jacob"]
[Result "0-1"]
[WhiteElo "2121"]
[BlackElo "2336"]
[PlyCount "80"]
[EventDate "2015.07.25"]
[EventType "swiss"]
[EventRounds "10"]
[EventCountry "DEN"]
[Source "ChessBase"]
[SourceDate "2015.09.14"]

1. e4 c5 2. Nf3 d6 3. d4 Nf6 4. Nc3 cxd4 5. Nxd4 a6 6. Be2 e5 7. Nb3 Be7 8. Be3
Be6 9. O-O O-O 10. a4 Nbd7 11. f3 Nb6 12. a5 Nc4 13. Bxc4 Bxc4 14. Rf2 Qc7 15.
Na4 Nd7 16. Nb6 Nxb6 17. Bxb6 Qc6 18. Nd2 Be6 19. c4 f5 20. exf5 Rxf5 21. Rc1
Rc8 22. Rc3 Rff8 23. Ne4 Bf5 24. Ng3 Bg6 25. Rd2 h5 26. Nf1 e4 27. fxe4 Rf4 28.
b3 Rcf8 29. Rf3 h4 30. Rdf2 Bh5 31. h3 Bxf3 32. gxf3 Bd8 33. Bxd8 Rxd8 34. Ne3
Qc5 35. Qd5+ Rf7 36. Qxc5 dxc5 37. Nd5 Re8 38. Nc3 Re6 39. Nd5 Kf8 40. Kh2 Rxe4
0-1

[Event "37. Copenhagen Open (Politiken Cup)"]
[Site "Elsinore"]
[Date "2015.07.28"]
[Round "5"]
[White "Fossan, Aleksander"]
[Black "Laustsen, Lars"]
[Result "0-1"]
[WhiteElo "1798"]
[BlackElo "2098"]
[PlyCount "94"]
[EventDate "2015.07.25"]
[EventType "swiss"]
[EventRounds "10"]
[EventCountry "DEN"]
[Source "ChessBase"]
[SourceDate "2015.09.14"]

1. e4 c5 2. c3 Nf6 3. e5 Nd5 4. d4 cxd4 5. Nf3 e6 6. cxd4 d6 7. Bc4 Nc6 8. O-O
Be7 9. Qe2 O-O 10. Qe4 Bd7 11. Re1 Rc8 12. a3 Na5 13. Bd3 f5 14. exf6 Nxf6 15.
Qe3 Nd5 16. Qe4 g6 17. Bh6 Rf5 18. Nbd2 b5 19. Qg4 Nf6 20. Qg3 Nh5 21. Qh3 Nf4
22. Bxf4 Rxf4 23. Qh6 Qf8 24. Qh3 Nc4 25. d5 Nxd2 26. Nxd2 Rh4 27. Qe3 e5 28.
Qxa7 Bh3 29. gxh3 Bg5 30. Nf1 Qf3 31. Qd7 Rf8 32. Be2 Qxf2+ 33. Kh1 Rf5 34. Bg4
Rxg4 35. hxg4 Qf3+ 36. Kg1 Qxg4+ 37. Ng3 Rf1+ 38. Rxf1 Qxd7 39. Rad1 h5 40. Kh1
Qg4 41. Rde1 h4 42. Ne4 h3 43. Ng3 Qd4 44. Ne4 Bh4 45. Nf6+ Bxf6 46. Rxf6 Qxd5+
47. Kg1 Qg2# 0-1

[Event "37. Copenhagen Open (Politiken Cup)"]
[Site "Elsinore"]
[Date "2015.07.28"]
[Round "5"]
[White "Fransson, Pia"]
[Black "Howell, Alun"]
[Result "1/2-1/2"]
[WhiteElo "1511"]
[BlackElo "1732"]
[PlyCount "53"]
[EventDate "2015.07.25"]
[EventType "swiss"]
[EventRounds "10"]
[EventCountry "DEN"]
[Source "ChessBase"]
[SourceDate "2015.09.14"]

1. d4 Nf6 2. c4 e6 3. g3 d5 4. Bg2 c6 5. Nf3 Nbd7 6. O-O Bd6 7. Qc2 b6 8. Nbd2
Bb7 9. e4 dxe4 10. Nxe4 Nxe4 11. Qxe4 Nf6 12. Qc2 c5 13. dxc5 Bxc5 14. Qa4+ Qd7
15. Qxd7+ Nxd7 16. Bf4 O-O 17. Rad1 Nf6 18. Ne5 Bxg2 19. Kxg2 a5 20. Nd7 Nxd7
21. Rxd7 f6 22. Rfd1 e5 23. Be3 Rac8 24. Bxc5 Rxc5 25. b3 Rf7 26. Rd8+ Rf8 27.
R8d7 1/2-1/2

[Event "37. Copenhagen Open (Politiken Cup)"]
[Site "Elsinore"]
[Date "2015.07.28"]
[Round "5"]
[White "Franzen, Per Erik"]
[Black "Fossan, Benjamin"]
[Result "0-1"]
[WhiteElo "1988"]
[BlackElo "1697"]
[PlyCount "160"]
[EventDate "2015.07.25"]
[EventType "swiss"]
[EventRounds "10"]
[EventCountry "DEN"]
[Source "ChessBase"]
[SourceDate "2015.09.14"]

1. d4 Nf6 2. Nf3 g6 3. c4 Bg7 4. Nc3 d5 5. h4 O-O 6. h5 Nxh5 7. Nxd5 c5 8. Rxh5
gxh5 9. Bf4 Na6 10. e3 Bf5 11. Be2 e6 12. Nc3 Qb6 13. Qd2 Rfd8 14. d5 Nb4 15.
e4 Bg6 16. a3 Na6 17. O-O-O exd5 18. Nxd5 Qe6 19. Ng5 Qe8 20. f3 f6 21. Nh3 Bf7
22. Bh6 Bxd5 23. cxd5 c4 24. Bxg7 Kxg7 25. Nf4 Rd7 26. Ne6+ Kg8 27. Qc3 Qg6 28.
g4 h4 29. Qe3 Nc7 30. Nd4 Rc8 31. Nf5 h3 32. Rh1 Nb5 33. Rxh3 Nd6 34. Rh6 Qf7
35. Nd4 a6 36. Qf4 c3 37. b3 Ne8 38. Ne6 Qe7 39. b4 a5 40. g5 fxg5 41. Nxg5 Qf8
42. Qh4 Qg7 43. Nxh7 c2 44. Qg5 Qxg5+ 45. Nxg5 Rg7 46. f4 axb4 47. axb4 Nc7 48.
Bg4 Rf8 49. d6 Rxf4 50. d7 Rf8 51. Ne6 Rf1+ 52. Kxc2 Rxd7 53. Nc5 Rg7 54. Bf5
Nb5 55. Kd3 Rc1 56. Be6+ Kf8 57. e5 Rc3+ 58. Ke4 Nc7 59. Kf4 b6 60. Nd7+ Ke7
61. Kf5 Rf3+ 62. Ke4 Nxe6 63. Kxf3 Kxd7 64. Rh4 Kc6 65. Ke4 Rd7 66. Rh6 Re7 67.
Rg6 Kb5 68. Kf5 Nd4+ 69. Ke4 Nc6 70. e6 Nxb4 71. Ke5 Kc6 72. Rg4 Nd3+ 73. Kf6
Re8 74. e7 Ne5 75. Rg5 Nc4 76. Ke6 Nd6 77. Rg1 Nc8 78. Rc1+ Kb7 79. Kd7 Rxe7+
80. Kd8 Rh7 0-1

[Event "37. Copenhagen Open (Politiken Cup)"]
[Site "Elsinore"]
[Date "2015.07.28"]
[Round "5"]
[White "Frisk, Hans"]
[Black "Christensen, Lasse"]
[Result "1/2-1/2"]
[WhiteElo "2013"]
[BlackElo "2168"]
[PlyCount "87"]
[EventDate "2015.07.25"]
[EventType "swiss"]
[EventRounds "10"]
[EventCountry "DEN"]
[Source "ChessBase"]
[SourceDate "2015.09.14"]

1. c4 e5 2. g3 Nc6 3. Nc3 Nf6 4. Bg2 Bb4 5. Nd5 Bc5 6. e3 O-O 7. Ne2 Nxd5 8.
cxd5 Ne7 9. O-O d6 10. d4 exd4 11. Nxd4 Bb6 12. b3 Bd7 13. Bb2 c6 14. dxc6 bxc6
15. Rc1 Rc8 16. Qd3 c5 17. Ne2 d5 18. Rfd1 Bg4 19. h3 Bxe2 20. Qxe2 d4 21. exd4
cxd4 22. Rxc8 Nxc8 23. Qd3 Qc7 24. Kh2 Rd8 25. Be4 g6 26. Qf3 Qe5 27. Bd3 Nd6
28. Bc1 h5 29. h4 Nf5 30. Bxf5 Qxf5 31. Qxf5 gxf5 32. Rd3 Rc8 33. Bd2 Rc2 34.
a4 Ra2 35. Kg2 Kg7 36. Bg5 f6 37. Bd2 Kf7 38. Kf3 Ke6 39. Kf4 Bc7+ 40. Kf3 Bb6
41. a5 Bxa5 42. Bxa5 Rxa5 43. Rxd4 Rb5 44. Rd3 1/2-1/2

[Event "37. Copenhagen Open (Politiken Cup)"]
[Site "Elsinore"]
[Date "2015.07.28"]
[Round "5"]
[White "Gottschalck, Christian"]
[Black "Karlsson, Ulf"]
[Result "0-1"]
[WhiteElo "1830"]
[BlackElo "2041"]
[PlyCount "70"]
[EventDate "2015.07.25"]
[EventType "swiss"]
[EventRounds "10"]
[EventCountry "DEN"]
[Source "ChessBase"]
[SourceDate "2015.09.14"]

1. e4 c5 2. Nf3 Nc6 3. d4 cxd4 4. Nxd4 e5 5. Nb5 d6 6. N1c3 a6 7. Na3 b5 8. Nd5
Nge7 9. c3 Nxd5 10. exd5 Ne7 11. c4 g6 12. Bd2 Bg7 13. Bc3 bxc4 14. Bxc4 O-O
15. O-O Bb7 16. Qd2 Rc8 17. Bb3 Nf5 18. Nc2 Bh6 19. Qe2 Qb6 20. Rad1 a5 21.
Rfe1 Ba6 22. Qg4 Bf4 23. g3 h5 24. Qf3 Bg5 25. Re4 Rc5 26. Ne3 Nxe3 27. fxe3 f5
28. Rxe5 dxe5 29. d6+ Kh7 30. Rd5 Rxd5 31. Bxd5 Qxe3+ 32. Qxe3 Bxe3+ 33. Kg2
Bb6 34. Bxe5 Re8 35. Bf6 Bd8 0-1

[Event "37. Copenhagen Open (Politiken Cup)"]
[Site "Elsinore"]
[Date "2015.07.28"]
[Round "5"]
[White "Gough, Rod"]
[Black "Carnstam, Tomas"]
[Result "1-0"]
[WhiteElo "1822"]
[BlackElo "2034"]
[PlyCount "73"]
[EventDate "2015.07.25"]
[EventType "swiss"]
[EventRounds "10"]
[EventCountry "DEN"]
[Source "ChessBase"]
[SourceDate "2015.09.14"]

1. d4 d5 2. Nc3 Bf5 3. Bg5 h6 4. Bh4 c6 5. e3 Qb6 6. Rb1 e6 7. Bd3 Bxd3 8. Qxd3
Nd7 9. Nge2 Ngf6 10. O-O g5 11. Bg3 h5 12. h3 h4 13. Bh2 g4 14. e4 gxh3 15.
gxh3 dxe4 16. Nxe4 Nxe4 17. Qxe4 O-O-O 18. c4 c5 19. b4 cxd4 20. c5 Rg8+ 21.
Kh1 Qc6 22. Qxc6+ bxc6 23. Nxd4 Nb8 24. Rfd1 Bg7 25. Bd6 Bf6 26. a4 a6 27. b5
cxb5 28. axb5 Bxd4 29. Rxd4 axb5 30. Rxb5 Nc6 31. Ra4 Kd7 32. Rb7+ Ke8 33. Rc7
Rb8 34. Rxc6 Rb1+ 35. Kh2 Rgg1 36. Ra8+ Kd7 37. Rc7# 1-0

[Event "37. Copenhagen Open (Politiken Cup)"]
[Site "Elsinore"]
[Date "2015.07.28"]
[Round "5"]
[White "Hammer, Jon Ludvig"]
[Black "Zude, Erik"]
[Result "1-0"]
[WhiteElo "2677"]
[BlackElo "2398"]
[PlyCount "43"]
[EventDate "2015.07.25"]
[EventType "swiss"]
[EventRounds "10"]
[EventCountry "DEN"]
[Source "ChessBase"]
[SourceDate "2015.09.14"]

1. e4 e5 2. Nf3 d6 3. d4 exd4 4. Nxd4 Nf6 5. Nc3 Be7 6. Be2 O-O 7. Bf4 Nc6 8.
O-O Ne5 9. Nf5 Bxf5 10. exf5 c6 11. g4 Qc7 12. Bg3 b5 13. g5 Nfd7 14. b3 Nc5
15. f4 Ned7 16. b4 Nb7 17. f6 gxf6 18. Bd3 Rfe8 19. Qh5 Nf8 20. Ne4 f5 21. Nf6+
Bxf6 22. gxf6 1-0

[Event "37. Copenhagen Open (Politiken Cup)"]
[Site "Elsinore"]
[Date "2015.07.28"]
[Round "5"]
[White "Hansen, Alex Mehr"]
[Black "Micalizio, Tiziano Wul"]
[Result "1-0"]
[WhiteElo "1965"]
[BlackElo "1644"]
[PlyCount "89"]
[EventDate "2015.07.25"]
[EventType "swiss"]
[EventRounds "10"]
[EventCountry "DEN"]
[Source "ChessBase"]
[SourceDate "2015.09.14"]

1. e4 c6 2. d4 d5 3. Nd2 dxe4 4. Nxe4 Bf5 5. Ng3 Bg6 6. Nf3 e6 7. h4 h5 8. Bd3
Bxd3 9. Qxd3 Qa5+ 10. Bd2 Qa6 11. Qxa6 Nxa6 12. O-O-O O-O-O 13. c3 Bd6 14. Ne4
Ne7 15. Nfg5 Rhf8 16. Nxd6+ Rxd6 17. Rhe1 Ng6 18. g3 Rd7 19. Re4 c5 20. Be3
cxd4 21. Rexd4 Rxd4 22. Bxd4 e5 23. Bxa7 Kc7 24. Be3 Kc6 25. b4 Nc7 26. Kb2 f5
27. Bc5 Rf6 28. Nh7 Re6 29. Ng5 Rf6 30. f3 b6 31. Bf2 Rf8 32. c4 f4 33. b5+
Nxb5 34. cxb5+ Kxb5 35. g4 hxg4 36. fxg4 e4 37. Nxe4 Ka6 38. Rd6 Ne5 39. Kb3
Nxg4 40. Rxb6+ Ka5 41. a4 Ne3 42. Rb5+ Ka6 43. Nc5+ Ka7 44. Rb7+ Ka8 45. Rxg7
1-0

[Event "37. Copenhagen Open (Politiken Cup)"]
[Site "Elsinore"]
[Date "2015.07.28"]
[Round "5"]
[White "Hansen, Tommy"]
[Black "Bjerre, Tavs"]
[Result "1/2-1/2"]
[WhiteElo "1837"]
[BlackElo "2059"]
[PlyCount "37"]
[EventDate "2015.07.25"]
[EventType "swiss"]
[EventRounds "10"]
[EventCountry "DEN"]
[Source "ChessBase"]
[SourceDate "2015.09.14"]

1. e4 c5 2. Nc3 Nc6 3. Bb5 Nd4 4. Bc4 e6 5. Nf3 Nf6 6. d3 d6 7. O-O a6 8. Nxd4
cxd4 9. Ne2 b5 10. Bb3 Qb6 11. a4 b4 12. a5 Qc5 13. Bd2 Bd7 14. Qe1 Rb8 15. Bc4
d5 16. exd5 Nxd5 17. Nf4 Nxf4 18. Bxf4 Bd6 19. Bxd6 1/2-1/2

[Event "37. Copenhagen Open (Politiken Cup)"]
[Site "Elsinore"]
[Date "2015.07.28"]
[Round "5"]
[White "Hansen, Verner"]
[Black "Madsen, Dennis"]
[Result "1-0"]
[WhiteElo "1883"]
[BlackElo "1678"]
[PlyCount "37"]
[EventDate "2015.07.25"]
[EventType "swiss"]
[EventRounds "10"]
[EventCountry "DEN"]
[Source "ChessBase"]
[SourceDate "2015.09.14"]

1. e4 d5 2. exd5 Nf6 3. d4 Nxd5 4. Nf3 Bg4 5. Be2 Nc6 6. c4 Nb6 7. d5 Bxf3 8.
Bxf3 Ne5 9. Be2 c6 10. O-O cxd5 11. c5 Nbc4 12. Bf4 Nc6 13. b3 e5 14. bxc4 exf4
15. cxd5 Qf6 16. dxc6 Qxa1 17. cxb7 Rd8 18. Qxd8+ Kxd8 19. b8=Q+ 1-0

[Event "37. Copenhagen Open (Politiken Cup)"]
[Site "Elsinore"]
[Date "2015.07.28"]
[Round "5"]
[White "Haugli, Petter"]
[Black "Schmitt, Carsten1"]
[Result "1-0"]
[WhiteElo "2247"]
[BlackElo "1988"]
[PlyCount "69"]
[EventDate "2015.07.25"]
[EventType "swiss"]
[EventRounds "10"]
[EventCountry "DEN"]
[Source "ChessBase"]
[SourceDate "2015.09.14"]

1. d4 Nf6 2. c4 e6 3. Nc3 Bb4 4. f3 O-O 5. e4 d5 6. e5 Nfd7 7. cxd5 exd5 8. f4
c5 9. a3 Ba5 10. Nf3 Nc6 11. Be3 cxd4 12. Nxd4 Bxc3+ 13. bxc3 Qa5 14. Qc2 Nc5
15. Be2 Ne4 16. Rc1 Qxa3 17. O-O f6 18. Nb5 Qe7 19. c4 Bf5 20. g4 Ng3 21. gxf5
Nxf1 22. Bxf1 fxe5 23. cxd5 exf4 24. Bxf4 Ne5 25. Qe4 Rae8 26. Nc7 Qh4 27. Nxe8
Rxe8 28. Bg2 g5 29. Bxe5 Qxe4 30. Bxe4 Rxe5 31. d6 Rxe4 32. d7 Rd4 33. Rc8+ Kf7
34. d8=Q Rxd8 35. Rxd8 1-0

[Event "37. Copenhagen Open (Politiken Cup)"]
[Site "Elsinore"]
[Date "2015.07.28"]
[Round "5"]
[White "Hedin, Niclas"]
[Black "Lofgren, Claes"]
[Result "0-1"]
[WhiteElo "1922"]
[BlackElo "2102"]
[PlyCount "112"]
[EventDate "2015.07.25"]
[EventType "swiss"]
[EventRounds "10"]
[EventCountry "DEN"]
[Source "ChessBase"]
[SourceDate "2015.09.14"]

1. d4 Nf6 2. c4 e6 3. Nc3 Bb4 4. Qc2 Nc6 5. Nf3 d6 6. Bd2 e5 7. d5 Bxc3 8. Bxc3
Ne7 9. e4 O-O 10. g3 Nh5 11. Be2 g6 12. Qd2 f6 13. O-O-O Qe8 14. h4 Bd7 15.
Rdg1 Kh8 16. g4 Nf4 17. g5 Ng8 18. h5 gxh5 19. Rh4 Bg4 20. Bd1 Qg6 21. gxf6
Qxf6 22. Rh2 Bxf3 23. Bxf3 Nh6 24. Bxh5 Rg8 25. Rxg8+ Rxg8 26. f3 Rg1+ 27. Kc2
Qg5 28. Be8 Ng8 29. Kb3 Nf6 30. Ba4 b6 31. a3 Kg7 32. c5 Qg3 33. cxd6 cxd6 34.
Rf2 Nd3 35. Qxd3 Qxf2 36. Qa6 Rg3 37. Qxa7+ Kg6 38. Bd7 Rxf3 39. Bf5+ Rxf5 40.
exf5+ Kxf5 41. Qe7 Qc5 42. Qe6+ Kg6 43. Bb4 Qxd5+ 44. Qxd5 Nxd5 45. Bxd6 Kf5
46. Kc4 Ke6 47. Bf8 h5 48. Kd3 Kf5 49. a4 h4 50. Ke2 Ke4 51. Kf2 Kd3 52. b4 e4
53. a5 e3+ 54. Ke1 h3 55. Bd6 Nxb4 56. axb6 Nc2+ 0-1

[Event "37. Copenhagen Open (Politiken Cup)"]
[Site "Elsinore"]
[Date "2015.07.28"]
[Round "5"]
[White "Hillarp Persson, Tiger"]
[Black "Ragger, Markus"]
[Result "0-1"]
[WhiteElo "2563"]
[BlackElo "2688"]
[PlyCount "88"]
[EventDate "2015.07.25"]
[EventType "swiss"]
[EventRounds "10"]
[EventCountry "DEN"]
[Source "ChessBase"]
[SourceDate "2015.09.14"]

1. d4 Nf6 2. c4 g6 3. f3 d5 4. cxd5 Nxd5 5. e4 Nb6 6. Nc3 Bg7 7. Be3 O-O 8. Qd2
Nc6 9. O-O-O Qd6 10. Nb5 Qd7 11. Kb1 Rd8 12. d5 a6 13. Nc3 Qe8 14. Qc1 Na5 15.
h4 e6 16. Bf4 Qe7 17. h5 exd5 18. hxg6 hxg6 19. Bg5 f6 20. Bh6 Be6 21. Nge2
dxe4 22. Rxd8+ Rxd8 23. Bxg7 Qxg7 24. Nf4 Bf7 25. Nxe4 Nac4 26. Bxc4 Nxc4 27.
Rd1 Rxd1 28. Qxd1 Nd6 29. Nxd6 cxd6 30. Qxd6 g5 31. Qd8+ Qf8 32. Qxf8+ Kxf8 33.
Ne2 Ke7 34. Kc2 Kd6 35. a3 Bc4 36. Nc3 Ke5 37. Kd2 Kf4 38. Ne2+ Bxe2 39. Kxe2
Kg3 40. Kf1 b5 41. b4 f5 42. Kg1 g4 43. fxg4 Kxg4 44. Kf2 f4 0-1

[Event "37. Copenhagen Open (Politiken Cup)"]
[Site "Elsinore"]
[Date "2015.07.28"]
[Round "5"]
[White "Hinrichs, Lars"]
[Black "Jensen, Tobias Ilsoe"]
[Result "0-1"]
[WhiteElo "2205"]
[BlackElo "2014"]
[PlyCount "110"]
[EventDate "2015.07.25"]
[EventType "swiss"]
[EventRounds "10"]
[EventCountry "DEN"]
[Source "ChessBase"]
[SourceDate "2015.09.14"]

1. e4 c5 2. Nf3 d6 3. d4 cxd4 4. Nxd4 Nf6 5. Nc3 a6 6. Be3 e5 7. Nf3 Be7 8. Bc4
O-O 9. O-O Be6 10. Bxe6 fxe6 11. Na4 Nfd7 12. c4 Nc6 13. Qb3 Qc7 14. c5 dxc5
15. Qxe6+ Kh8 16. Rfd1 Rad8 17. Nc3 Nb6 18. Rxd8 Rxd8 19. Nd5 Nxd5 20. exd5 Rd6
21. Qf7 Rf6 22. Qh5 g6 23. Qh6 Nd4 24. Bxd4 exd4 25. Re1 Rf5 26. Nh4 Rf6 27. f4
d3 28. f5 gxf5 29. Qg5 Re6 30. Qd2 Rxe1+ 31. Qxe1 d2 32. Qxd2 Bxh4 33. Qc3+ Kg8
34. Qc4 Bf6 35. d6+ Qf7 36. Qxc5 Qe6 37. Kf2 f4 38. Qc7 Qe3+ 39. Kf1 Qd3+ 40.
Ke1 Qb1+ 41. Ke2 Qxb2+ 42. Kf3 Qc3+ 43. Kg4 Qe5 44. Qc8+ Kg7 45. Qxb7+ Kg6 46.
Qb1+ Kh6 47. Qd3 Kg7 48. g3 h5+ 49. Kh3 Qe6+ 50. Kg2 Qxa2+ 51. Kh3 Qe6+ 52. Kg2
Qe3 53. Qxa6 f3+ 54. Kf1 Bd4 55. Qb7+ Kh6 0-1

[Event "37. Copenhagen Open (Politiken Cup)"]
[Site "Elsinore"]
[Date "2015.07.28"]
[Round "5"]
[White "Hofmann, Rares"]
[Black "Verstraeten, Reinaert"]
[Result "1/2-1/2"]
[WhiteElo "2065"]
[BlackElo "2312"]
[PlyCount "24"]
[EventDate "2015.07.25"]
[EventType "swiss"]
[EventRounds "10"]
[EventCountry "DEN"]
[Source "ChessBase"]
[SourceDate "2015.09.14"]

1. e4 c5 2. Nf3 d6 3. d4 cxd4 4. Nxd4 Nf6 5. Nc3 a6 6. Bg5 Nbd7 7. Bc4 Qb6 8.
O-O Qxb2 9. Qd2 Qa3 10. Kh1 e6 11. f4 Be7 12. Bxe6 O-O 1/2-1/2

[Event "37. Copenhagen Open (Politiken Cup)"]
[Site "Elsinore"]
[Date "2015.07.28"]
[Round "5"]
[White "Hoi, Carsten"]
[Black "Djurhuus, Eivind X"]
[Result "1-0"]
[WhiteElo "2383"]
[BlackElo "2149"]
[PlyCount "93"]
[EventDate "2015.07.25"]
[EventType "swiss"]
[EventRounds "10"]
[EventCountry "DEN"]
[Source "ChessBase"]
[SourceDate "2015.09.14"]

1. d4 e6 2. Nf3 f5 3. c4 Nf6 4. d5 Bb4+ 5. Bd2 Qe7 6. Nc3 O-O 7. Qb3 c6 8. a3
Bxc3 9. Bxc3 cxd5 10. Bxf6 Qxf6 11. cxd5 b6 12. e3 Ba6 13. Bb5 Kh8 14. O-O Bb7
15. Bc4 e5 16. Rac1 Na6 17. Qc3 d6 18. b4 Nc7 19. Qd2 g5 20. e4 g4 21. Ng5 f4
22. Bb3 Qe7 23. Rxc7 Qxc7 24. Ne6 Qd7 25. Nxf8 Rxf8 26. Rc1 Rc8 27. g3 Rxc1+
28. Qxc1 Qc8 29. Qd2 f3 30. h4 gxh3 31. Qe3 Qg4 32. Bd1 Bc8 33. Bxf3 Qg6 34.
Kh2 Bg4 35. Bxg4 Qxg4 36. f3 Qc8 37. Qh6 Qd8 38. Kxh3 a5 39. bxa5 bxa5 40. Qe6
Kg7 41. Kg4 Qf8 42. Qf5 Qb8 43. Qd7+ Kg8 44. f4 exf4 45. gxf4 Kh8 46. Qf7 Qc8+
47. Kg5 1-0

[Event "37. Copenhagen Open (Politiken Cup)"]
[Site "Elsinore"]
[Date "2015.07.28"]
[Round "5"]
[White "Hojem, Roger"]
[Black "Bakkejord, Odd Vidar"]
[Result "1-0"]
[WhiteElo "1738"]
[BlackElo "1482"]
[PlyCount "71"]
[EventDate "2015.07.25"]
[EventType "swiss"]
[EventRounds "10"]
[EventCountry "DEN"]
[Source "ChessBase"]
[SourceDate "2015.09.14"]

1. e4 g6 2. d4 d6 3. Nf3 Bg7 4. c4 Bg4 5. Be2 Nd7 6. Nc3 c6 7. Be3 Qa5 8. Qc1
Bxf3 9. Bxf3 f5 10. exf5 Qxf5 11. O-O Qf7 12. d5 Ne5 13. Be2 Nf6 14. Qd2 O-O
15. h3 Nh5 16. Bxh5 gxh5 17. Qe2 Qg6 18. f4 Nd7 19. Qf3 Bxc3 20. bxc3 c5 21. f5
Qg7 22. Qxh5 Qf7 23. Qh4 Kh8 24. Rae1 Rae8 25. Bg5 Rg8 26. Rxe7 Rxe7 27. Bxe7
Qg7 28. g4 Qxc3 29. f6 Qd4+ 30. Qf2 Qxf2+ 31. Rxf2 Re8 32. Bxd6 b6 33. f7 Rc8
34. f8=Q+ Nxf8 35. Rxf8+ Rxf8 36. Bxf8 1-0

[Event "37. Copenhagen Open (Politiken Cup)"]
[Site "Elsinore"]
[Date "2015.07.28"]
[Round "5"]
[White "Hojgaard, Brandur"]
[Black "Bengtsson, Tage"]
[Result "0-1"]
[WhiteElo "1787"]
[BlackElo "2076"]
[PlyCount "98"]
[EventDate "2015.07.25"]
[EventType "swiss"]
[EventRounds "10"]
[EventCountry "DEN"]
[Source "ChessBase"]
[SourceDate "2015.09.14"]

1. d4 d5 2. c4 e6 3. Nc3 c5 4. cxd5 exd5 5. Nf3 Nc6 6. Bf4 Nf6 7. e3 a6 8. Be2
Be7 9. O-O O-O 10. h3 Bf5 11. a3 c4 12. Nd2 b5 13. f3 Qb6 14. Bg3 Bg6 15. f4
Be4 16. Bf3 Bd3 17. Be2 Bxe2 18. Qxe2 Rad8 19. Nf3 a5 20. Ne5 b4 21. Nd1 Ne4
22. Qg4 f5 23. Qf3 bxa3 24. bxa3 Nd2 25. Qe2 Nxf1 26. Kxf1 Rd6 27. Nc3 Nxe5 28.
fxe5 Rd7 29. Rb1 Qg6 30. Be1 Bxa3 31. Rb5 Qc6 32. Rxa5 Bb4 33. Ra2 Bxc3 34.
Bxc3 Rb7 35. Rb2 Rfb8 36. Rxb7 Rxb7 37. Qd2 Qb5 38. Ke2 Qb1 39. Qd1 Qxd1+ 40.
Kxd1 Rb3 41. Kc2 Kf7 42. Kd2 Ke6 43. Kc2 g5 44. Bd2 Rd3 45. g3 f4 46. exf4 Rxg3
47. fxg5 Rxh3 48. Bb4 Rg3 49. Bd2 Rd3 0-1

[Event "37. Copenhagen Open (Politiken Cup)"]
[Site "Elsinore"]
[Date "2015.07.28"]
[Round "5"]
[White "Holm, Kristian Stuvik"]
[Black "Klings, Peter"]
[Result "1-0"]
[WhiteElo "2398"]
[BlackElo "2154"]
[PlyCount "101"]
[EventDate "2015.07.25"]
[EventType "swiss"]
[EventRounds "10"]
[EventCountry "DEN"]
[Source "ChessBase"]
[SourceDate "2015.09.14"]

1. d4 Nf6 2. c4 c5 3. Nf3 g6 4. Nc3 Bg7 5. e4 cxd4 6. Nxd4 d6 7. Be2 Nc6 8. Be3
O-O 9. O-O Bd7 10. Nc2 Ne8 11. Qd2 Nc7 12. Rfd1 b6 13. f4 Bc8 14. Bf3 Bb7 15.
Rab1 Qc8 16. Nd5 Re8 17. Na3 Rb8 18. Rbc1 Na8 19. h3 Qd8 20. Qf2 e6 21. Nc3 Qe7
22. Rd2 Red8 23. Rcd1 Nc7 24. Nab5 Ne8 25. Nd4 Na5 26. b3 Ba8 27. Nde2 Nc6 28.
g3 Rbc8 29. Kh2 Nf6 30. Qg2 Ne8 31. e5 Bb7 32. exd6 Rxd6 33. Nb5 Rxd2 34. Rxd2
Ba8 35. Qh1 a6 36. Nbd4 Nxd4 37. Bxa8 Nxe2 38. Rxe2 Nc7 39. Bb7 Rb8 40. Qc6 Nd5
41. cxd5 Qxb7 42. Qxb7 Rxb7 43. Rc2 exd5 44. Rc8+ Bf8 45. f5 f6 46. Bh6 Rf7 47.
g4 d4 48. Kg2 Rg7 49. Bxg7 Kxg7 50. fxg6 hxg6 51. Rc4 1-0

[Event "37. Copenhagen Open (Politiken Cup)"]
[Site "Elsinore"]
[Date "2015.07.28"]
[Round "5"]
[White "Holm, Ragnar"]
[Black "Martinsson, Jonas"]
[Result "1-0"]
[WhiteElo "2124"]
[BlackElo "1845"]
[PlyCount "65"]
[EventDate "2015.07.25"]
[EventType "swiss"]
[EventRounds "10"]
[EventCountry "DEN"]
[Source "ChessBase"]
[SourceDate "2015.09.14"]

1. c4 Nf6 2. Nc3 c5 3. Nf3 Nc6 4. d4 cxd4 5. Nxd4 g6 6. e4 Bg7 7. Be3 d6 8. Be2
O-O 9. O-O a6 10. Rc1 Bd7 11. Qd2 Ng4 12. Bxg4 Bxg4 13. Nxc6 bxc6 14. Bd4 Rb8
15. Bxg7 Kxg7 16. b3 Qa5 17. h3 Be6 18. Qd4+ f6 19. f4 Qb6 20. Qxb6 Rxb6 21. c5
Rb4 22. cxd6 exd6 23. Rfd1 Rd8 24. Na4 Rxe4 25. Rxc6 Re2 26. Rdxd6 Re8 27. Nc3
Re1+ 28. Kf2 Bf5 29. Rc7+ Kh6 30. g4 Bc8 31. Rxf6 Rc1 32. g5+ Kh5 33. Rxh7# 1-0

[Event "37. Copenhagen Open (Politiken Cup)"]
[Site "Elsinore"]
[Date "2015.07.28"]
[Round "5"]
[White "Hoyer, Jacob K"]
[Black "Grigoriants, Sergey"]
[Result "0-1"]
[WhiteElo "2202"]
[BlackElo "2594"]
[PlyCount "66"]
[EventDate "2015.07.25"]
[EventType "swiss"]
[EventRounds "10"]
[EventCountry "DEN"]
[Source "ChessBase"]
[SourceDate "2015.09.14"]

1. d4 Nf6 2. c4 e6 3. Nc3 Bb4 4. e3 O-O 5. Nge2 c6 6. a3 Ba5 7. g3 d5 8. b4 Bc7
9. cxd5 cxd5 10. Bg2 Nbd7 11. O-O Nb6 12. f3 Re8 13. e4 e5 14. Bg5 exd4 15. Nb5
Bb8 16. Nbxd4 h6 17. Bxf6 Qxf6 18. Qd3 a5 19. f4 dxe4 20. Bxe4 Rd8 21. Rad1 Ba7
22. Kh1 axb4 23. axb4 Bh3 24. Rfe1 Na4 25. Rd2 Bg4 26. Bxb7 Rab8 27. Bc6 Rxb4
28. Qa3 Bxd4 29. Nxd4 Rbxd4 30. Rxd4 Qxc6+ 31. Rde4 Nc3 32. Qa5 Rd1 33. Kg1
Qxe4 0-1

[Event "37. Copenhagen Open (Politiken Cup)"]
[Site "Elsinore"]
[Date "2015.07.28"]
[Round "5"]
[White "Huse, Arne Kjelsbol"]
[Black "Ski, Alexander K"]
[Result "1/2-1/2"]
[WhiteElo "1222"]
[BlackElo "1445"]
[PlyCount "102"]
[EventDate "2015.07.25"]
[EventType "swiss"]
[EventRounds "10"]
[EventCountry "DEN"]
[Source "ChessBase"]
[SourceDate "2015.09.14"]

1. e4 e5 2. Nf3 Nc6 3. Bb5 Bc5 4. Nxe5 Bxf2+ 5. Kxf2 Nxe5 6. Re1 Qh4+ 7. Kg1 c6
8. Bf1 d6 9. Qe2 Bg4 10. Qe3 Ne7 11. d3 Be6 12. Qe2 O-O 13. g3 Qf6 14. Bg2 Bg4
15. Qe3 Nf3+ 16. Bxf3 Qxf3 17. Qxf3 Bxf3 18. Rf1 Bg4 19. Bf4 d5 20. exd5 Nxd5
21. Bd2 Rae8 22. Nc3 Nxc3 23. Bxc3 Re2 24. Rac1 Rfe8 25. Rce1 h6 26. Rxe2 Rxe2
27. Rf2 Re8 28. Rf1 Bh3 29. Rf2 c5 30. a3 b5 31. b3 a5 32. Bd2 a4 33. bxa4 bxa4
34. Bc3 Rb8 35. Re2 Rb1+ 36. Re1 Rb8 37. Be5 Rc8 38. Re4 Bd7 39. Bd6 Rc6 40.
Bf4 c4 41. Rxc4 Rxc4 42. dxc4 Kf8 43. Kf2 Ke7 44. Ke3 Bf5 45. c3 Kd7 46. Kd4
Kc6 47. c5 Bc2 48. Be5 f6 49. Bd6 h5 50. h3 Bf5 51. h4 Bc2 1/2-1/2